000 nam a22 7a 4500
999 _c235036
_d235036
003 Nust
005 20170405121627.0
008 170405b xxu||||| |||| 00| 0 eng d
020 _a9788183421799
040 _cDLC
082 _a363.7392 PRA
100 _4Prasad, P. N.
245 _aEnvironmental Air Pollution Causes, effects and Control
942 _2ddc
_cBK